00753 2200229 4500001002100000005001700021008004100038035002500079040001200104082001400116084002200130090002200152245014800174260002800322300003700350500004900387650003000436700001700466700001000483700001800493850001200511INLIS00000000000184120150210150902.0  a0010-021500000000123 aYOPDYOG a915.98143 aNUS 915.98143 Tra aNUS 915.98143 Tra aTRAVELISTA : Berwisata di kota Batam dan Sawah Luntoi [rekaman video]c/ penanggung jawab Putra Nababan ; editor, Paino ; produser Edy Prasetyo aJakartabMetro TVc2012 aDVD : digital, stereo ; 4 3/4 in aProgram Metro TV ; tanggal tayang 03/11/2012 aIndustri Pariwisata-Batam aEdy Prasetyo aPaino aPutra Nababan aYOPDYOG